[Event "EOBCC 2020"]
[Site "Online"]
[Date "2020.12.18"]
[Round "1.83"]
[White "Koelle, Tobias"]
[Black "Rustemov, Alexander"]
[Result "0-1"]
[WhiteElo "2340"]
[BlackElo "2525"]
[PlyCount "86"]
[EventDate "2020.12.18"]
[EventType "tourn"]
[EventCountry "NET"]

1. d4 g6 2. e4 Bg7 3. Nc3 d6 4. Be3 Nf6 5. f3 a6 6. Qd2 b5 7. h4 Nbd7 8. g4 h6 9. O-O-O Bb7 10. Kb1 c5 11. h5 cxd4 12. Bxd4 g5 13. Nge2 Qc7 14. Ng3 e6 15. Rg1 Ne5 16. Qf2 O-O 17. Be2 b4 18. Na4 Bc6 19. Nb6 Rab8 20. Nc4 Nxc4 21. Bxc4 d5 22. exd5 Bxd5 23. Bxd5 Nxd5 24. Bxg7 Kxg7 25. Qd4+ Kg8 26. Ne4 Rfc8 27. Rg2 Qf4 28. Rf2 a5 29. Qd3 a4 30. Re1 a3 31. Qd4 axb2 32. Rd2 Nc3+ 33. Nxc3 Qxd4 34. Rxd4 bxc3 35. f4 Rb5 36. a4 Rd5 37. Rb4 Rcd8 38. Ka2 Rd1 39. Rb8 Rxe1 40. Rxd8+ Kg7 41. Rb8 Ra1+ 42. Kb3 b1=Q+ 43. Kc4 Qxb8 0-1

[Event "EOBCC 2020"]
[Site "Online"]
[Date "2020.12.18"]
[Round "1.84"]
[White "Hjartarson, Johann"]
[Black "Mazi, Leon"]
[Result "1-0"]
[WhiteElo "2525"]
[BlackElo "2340"]
[PlyCount "67"]
[EventDate "2020.12.18"]
[EventType "tourn"]
[EventCountry "NET"]

1. d4 Nf6 2. c4 d6 3. Nc3 e5 4. Nf3 Nbd7 5. e4 g6 6. Be2 Bg7 7. O-O O-O 8. Be3 h6 9. h3 c6 10. d5 c5 11. Nd2 Ne8 12. a3 f5 13. f4 exf4 14. Bxf4 Ne5 15. exf5 Bxf5 16. Nde4 a6 17. Qd2 Kh7 18. g4 Bd7 19. Bg3 Rxf1+ 20. Rxf1 Qe7 21. b4 cxb4 22. axb4 Rc8 23. c5 a5 24. bxa5 dxc5 25. d6 Qe6 26. Nd5 c4 27. Ne7 Ra8 28. Nc5 c3 29. Nxe6 cxd2 30. Nxg7 Nxg7 31. Bxe5 Ba4 32. Rf7 Rxa5 33. Rxg7+ Kh8 34. Nxg6# 1-0

[Event "EOBCC 2020"]
[Site "Online"]
[Date "2020.12.18"]
[Round "1.85"]
[White "Rieger, Robert"]
[Black "Olszewski, Michal"]
[Result "0-1"]
[WhiteElo "2326"]
[BlackElo "2525"]
[PlyCount "54"]
[EventDate "2020.12.18"]
[EventType "tourn"]
[EventCountry "NET"]

1. e4 c5 2. Nf3 d6 3. d4 cxd4 4. Nxd4 Nf6 5. Nc3 a6 6. Nb3 Nbd7 7. g4 g6 8. g5 Nh5 9. Be2 Bg7 10. Bd2 b5 11. a3 Bb7 12. Bxh5 gxh5 13. Qxh5 Ne5 14. O-O-O Rc8 15. Be3 Nc4 16. Bd4 Bxd4 17. Rxd4 Nxa3 18. Re1 Qb6 19. Qh6 b4 20. bxa3 bxc3 21. Qg7 Rf8 22. e5 d5 23. Qxh7 e6 24. g6 fxg6 25. Qxg6+ Ke7 26. Rh4 Rf7 27. Rh8 Rxh8 0-1

[Event "EOBCC 2020"]
[Site "Online"]
[Date "2020.12.18"]
[Round "1.86"]
[White "Demidov, Mikhail"]
[Black "Colbow, Collin"]
[Result "1-0"]
[WhiteElo "2526"]
[BlackElo "2339"]
[PlyCount "67"]
[EventDate "2020.12.18"]
[EventType "tourn"]
[EventCountry "NET"]

1. Nf3 c5 2. g3 g6 3. Bg2 Bg7 4. O-O Nc6 5. c3 e5 6. d3 d5 7. a3 Nge7 8. b4 cxb4 9. axb4 O-O 10. b5 Na5 11. Ba3 b6 12. Bb4 Bb7 13. Qa4 Re8 14. Bxa5 bxa5 15. Qxa5 Qxa5 16. Rxa5 Rec8 17. Nfd2 f5 18. c4 Rc5 19. Nb3 Rcc8 20. c5 Rcb8 21. Nc3 d4 22. Na4 Bxg2 23. Kxg2 Nd5 24. Ra1 Bf6 25. b6 axb6 26. Rxa8 Rxa8 27. Nxb6 Nxb6 28. cxb6 Rb8 29. Ra6 Bd8 30. Nc5 Kf7 31. b7 Ke7 32. Re6+ Kf7 33. Rc6 Ke7 34. Rc8 1-0

[Event "EOBCC 2020"]
[Site "Online"]
[Date "2020.12.18"]
[Round "1.87"]
[White "Marjanovic, Annamaria"]
[Black "Djukic, Nikola"]
[Result "0-1"]
[WhiteElo "2338"]
[BlackElo "2521"]
[PlyCount "66"]
[EventDate "2020.12.18"]
[EventType "tourn"]
[EventCountry "NET"]

1. d4 Nf6 2. Nc3 d5 3. Bf4 c6 4. e3 Nbd7 5. Nf3 Nh5 6. Bg3 Nxg3 7. hxg3 e6 8. Bd3 h6 9. O-O Bb4 10. Ne2 O-O 11. c4 Qe7 12. Qb3 Bd6 13. Nf4 a6 14. a4 b6 15. Rfc1 Rb8 16. Qc2 Bb7 17. Qe2 a5 18. e4 dxe4 19. Qxe4 Nf6 20. Qe2 c5 21. dxc5 bxc5 22. Bc2 Rfd8 23. b3 Qc7 24. Nd3 Nd7 25. Rd1 e5 26. Nde1 Nf6 27. Rd2 e4 28. Nh2 Be5 29. Rad1 Bd4 30. Ng4 Nxg4 31. Qxg4 e3 32. Re2 exf2+ 33. Kh1 f1=Q+ 0-1

[Event "EOBCC 2020"]
[Site "Online"]
[Date "2020.12.18"]
[Round "1.88"]
[White "Brunello, Sabino"]
[Black "Kusa, Jakub"]
[Result "1-0"]
[WhiteElo "2519"]
[BlackElo "2336"]
[PlyCount "55"]
[EventDate "2020.12.18"]
[EventType "tourn"]
[EventCountry "NET"]

1. d4 Nf6 2. Nf3 e6 3. c4 d5 4. Nc3 Nbd7 5. Bg5 Be7 6. e3 h6 7. Bh4 O-O 8. Rc1 c5 9. a3 b6 10. cxd5 Nxd5 11. Bxe7 Nxe7 12. Bb5 cxd4 13. Nxd4 Bb7 14. Nxe6 fxe6 15. Qxd7 Bxg2 16. Qxe6+ Kh8 17. Rg1 Bf3 18. Qe5 Rf6 19. Ne2 Ng6 20. Qg3 Rc8 21. Rxc8 Qxc8 22. Kd2 Bxe2 23. Bxe2 Qd7+ 24. Ke1 Rc6 25. f4 Rc2 26. Kf2 Qd2 27. Qg4 Qd3 28. h4 1-0

[Event "EOBCC 2020"]
[Site "Online"]
[Date "2020.12.18"]
[Round "1.89"]
[White "Zhukova, Natalia"]
[Black "Jovanovic, Zoran"]
[Result "0-1"]
[WhiteElo "2336"]
[BlackElo "2517"]
[PlyCount "112"]
[EventDate "2020.12.18"]
[EventType "tourn"]
[EventCountry "NET"]

1. c4 d6 2. Nc3 g6 3. d4 Bg7 4. e4 Nf6 5. f4 O-O 6. Nf3 Na6 7. Bd3 e5 8. fxe5 dxe5 9. d5 Nh5 10. O-O Nc5 11. Bc2 a5 12. Be3 b6 13. Qd2 Bd7 14. b3 Qe7 15. a3 Nb7 16. b4 axb4 17. axb4 Qxb4 18. Nb5 Qxd2 19. Nxd2 Bxb5 20. cxb5 Nd6 21. Bd3 Nf4 22. Rxa8 Rxa8 23. Bxf4 exf4 24. Nc4 Nxc4 25. Bxc4 Be5 26. Rd1 Ra4 27. Bd3 Ra2 28. Bf1 Kg7 29. Bc4 Rc2 30. Bf1 h5 31. Kh1 Kf6 32. Kg1 g5 33. Kh1 g4 34. Kg1 f3 35. gxf3 Bxh2+ 36. Kh1 Be5 37. fxg4 hxg4 38. Bd3 Rb2 39. Rf1+ Kg6 40. Rf5 f6 41. Rf1 Kg5 42. Rb1 Rd2 43. Bf1 Kh4 44. Rb3 Rd1 45. Kg1 Re1 46. Kg2 Rxe4 47. Rd3 Rb4 48. Rd1 f5 49. Bd3 f4 50. Rh1+ Kg5 51. Rh7 f3+ 52. Kf2 Bd4+ 53. Kg3 Rb3 54. Bf1 Rb1 55. Rh1 Be5+ 56. Kf2 Kf4 0-1

[Event "EOBCC 2020"]
[Site "Online"]
[Date "2020.12.18"]
[Round "1.90"]
[White "Gumularz, Szymon"]
[Black "Papp, Petra"]
[Result "1/2-1/2"]
[WhiteElo "2516"]
[BlackElo "2336"]
[PlyCount "138"]
[EventDate "2020.12.18"]
[EventType "tourn"]
[EventCountry "NET"]

1. e4 c6 2. d4 d5 3. exd5 cxd5 4. Bd3 Nf6 5. c3 Nc6 6. h3 g6 7. Nf3 Bf5 8. Be2 Bg7 9. O-O O-O 10. Bf4 Ne4 11. Nbd2 Nxd2 12. Qxd2 Re8 13. Rfe1 Qb6 14. Bf1 Rac8 15. g4 Bd7 16. Ne5 Nxe5 17. Bxe5 f6 18. Bg3 e6 19. Bg2 a5 20. h4 a4 21. a3 Bb5 22. g5 Qc6 23. Re3 Qd7 24. Rae1 Bc6 25. Bh3 f5 26. Be5 Qf7 27. Bxg7 Kxg7 28. Re5 Bd7 29. Qf4 h6 30. gxh6+ Kh7 31. Kh2 Qf8 32. Rg1 Qxh6 33. Qxh6+ Kxh6 34. Bf1 Rf8 35. f4 Kg7 36. h5 Rf6 37. Re3 Rh8 38. Rh3 Be8 39. Be2 Kf8 40. hxg6 Rxh3+ 41. Kxh3 Bxg6 42. Kg3 Be8 43. Rh1 Rg6+ 44. Kf2 Rg7 45. Rh8+ Ke7 46. Bd1 b6 47. Be2 Rf7 48. Bh5 Rf8 49. Rh7+ Kd6 50. Bxe8 Rxe8 51. Ra7 Rh8 52. Kg2 Rh4 53. Kg3 Rg4+ 54. Kf3 Rh4 55. Rxa4 Rh2 56. Rb4 Kc6 57. a4 Rh3+ 58. Kg2 Rh4 59. Kg3 Rg4+ 60. Kf3 Rg1 61. Rb5 Ra1 62. Rb4 Rf1+ 63. Ke3 Re1+ 64. Kf2 Re4 65. Kf3 Re1 66. Rb3 Ra1 67. Rb4 Rf1+ 68. Ke3 Re1+ 69. Kf3 Rf1+ 1/2-1/2

[Event "EOBCC 2020"]
[Site "Online"]
[Date "2020.12.18"]
[Round "1.91"]
[White "Dordzhieva, Dinara"]
[Black "Shchekachev, Andrei"]
[Result "1/2-1/2"]
[WhiteElo "2352"]
[BlackElo "2515"]
[PlyCount "141"]
[EventDate "2020.12.18"]
[EventType "tourn"]
[EventCountry "NET"]

1. d4 Nf6 2. c4 e6 3. Nf3 b6 4. a3 Bb7 5. Nc3 d5 6. cxd5 Nxd5 7. Qc2 Nxc3 8. bxc3 Be7 9. e4 Nd7 10. Bd3 c5 11. e5 Qc7 12. Be4 Rc8 13. Bxb7 Qxb7 14. Qe2 O-O 15. O-O h6 16. Be3 Rfd8 17. Rfd1 cxd4 18. cxd4 Nb8 19. Bf4 Rc3 20. a4 Qd5 21. Rac1 Rdc8 22. Rb1 Rc2 23. Qe1 Nc6 24. Rb5 Qc4 25. Bg3 Qxa4 26. Rbb1 Nb4 27. h3 Nd5 28. Ra1 Qd7 29. Rd3 a5 30. Nd2 Qb5 31. Rb3 Qc6 32. Rbb1 a4 33. Ne4 b5 34. Nd6 Bxd6 35. exd6 b4 36. Be5 b3 37. f3 b2 38. Ra2 Rc1 39. Raxb2 Rxe1+ 40. Rxe1 a3 41. Ra2 Qc3 42. Rea1 Ra8 43. d7 Qc6 44. Rxa3 Rd8 45. Ra6 Qxd7 46. Ra7 Qb5 47. Kh2 Qe2 48. R1a2 Qe3 49. Rb7 Qc3 50. Raa7 Rf8 51. Bd6 Qxd4 52. Bxf8 Qf4+ 53. Kh1 h5 54. Rxf7 Qxf7 55. Rxf7 Kxf7 56. Bc5 Kg6 57. g4 Kg5 58. Kg2 Nf4+ 59. Kg3 Ne2+ 60. Kf2 Nc3 61. Be7+ Kg6 62. f4 Nd5 63. Bd6 hxg4 64. hxg4 Kf6 65. Kf3 g5 66. Be5+ Kg6 67. Ke4 Nxf4 68. Bxf4 gxf4 69. Kxf4 e5+ 70. Kxe5 Kg5 71. Ke6 1/2-1/2

[Event "EOBCC 2020"]
[Site "Online"]
[Date "2020.12.18"]
[Round "1.92"]
[White "Suleymanli, Aydin"]
[Black "Mustafayev, Farid"]
[Result "1-0"]
[WhiteElo "2512"]
[BlackElo "2334"]
[PlyCount "65"]
[EventDate "2020.12.18"]
[EventType "tourn"]
[EventCountry "NET"]

1. d4 d5 2. c4 dxc4 3. e3 Nf6 4. Bxc4 e6 5. Nf3 Be7 6. O-O O-O 7. Qe2 a6 8. a4 c5 9. Rd1 Qc7 10. dxc5 Bxc5 11. b3 Nc6 12. Bb2 Be7 13. Nbd2 Bd7 14. Rac1 Rac8 15. Bd3 Qb8 16. Nc4 Nb4 17. Be5 Qa7 18. Bd4 Qb8 19. Bb1 Bc6 20. Be5 Qa7 21. Nd4 Bd5 22. Nf3 b5 23. axb5 axb5 24. Nd6 Rxc1 25. Rxc1 Bxb3 26. Ng5 h6 27. Ngxf7 Rxf7 28. Nxf7 Kxf7 29. Bxf6 Bxf6 30. Qh5+ Ke7 31. Qxb5 Qa3 32. Rc7+ Kd6 33. Qc5# 1-0

[Event "EOBCC 2020"]
[Site "Online"]
[Date "2020.12.18"]
[Round "1.93"]
[White "Sliwicka, Alicja"]
[Black "Khanin, Semen"]
[Result "1/2-1/2"]
[WhiteElo "2311"]
[BlackElo "2511"]
[PlyCount "127"]
[EventDate "2020.12.18"]
[EventType "tourn"]
[EventCountry "NET"]

1. e4 c5 2. Nf3 Nc6 3. d4 cxd4 4. Nxd4 g6 5. c4 Bg7 6. Be3 Nf6 7. Nc3 O-O 8. f3 d6 9. Be2 Bd7 10. O-O Nxd4 11. Bxd4 a5 12. b3 Bc6 13. Qd2 Nd7 14. Be3 Nc5 15. Rab1 e6 16. Rfd1 Be5 17. g3 Qe7 18. Bf4 Rad8 19. Bxe5 dxe5 20. Qe3 f5 21. exf5 exf5 22. Nd5 Bxd5 23. cxd5 Qd6 24. Bc4 Nd7 25. Re1 Kg7 26. Rbd1 Rfe8 27. h4 Nf6 28. Qc3 Qc5+ 29. Kg2 b5 30. Qxa5 Ra8 31. Qxb5 Rxa2+ 32. Re2 Rxe2+ 33. Bxe2 Qd6 34. Qc6 Qb8 35. Bc4 e4 36. d6 exf3+ 37. Qxf3 Qa7 38. Qf2 Qb7+ 39. Qf3 Qa7 40. Qd3 Rd8 41. Qd4 Qb7+ 42. Kg1 Qf3 43. Rd3 Qe4 44. Qxe4 Nxe4 45. d7 Nc5 46. Rd5 Ne4 47. b4 Nf6 48. Rd6 Rxd7 49. Rxd7+ Nxd7 50. Kf2 Kf6 51. Ke3 Ke5 52. Bg8 h6 53. Bf7 g5 54. hxg5 hxg5 55. Bc4 Nb6 56. Bb3 Nc8 57. Bc4 Nd6 58. Bb3 Nb5 59. Bc4 Nd4 60. b5 f4+ 61. gxf4+ gxf4+ 62. Kf2 Nxb5 63. Bxb5 f3 64. Kxf3 1/2-1/2

[Event "EOBCC 2020"]
[Site "Online"]
[Date "2020.12.18"]
[Round "1.94"]
[White "Klekowski, Maciej"]
[Black "Samadov, Read"]
[Result "1-0"]
[WhiteElo "2510"]
[BlackElo "2332"]
[PlyCount "125"]
[EventDate "2020.12.18"]
[EventType "tourn"]
[EventCountry "NET"]

1. e4 c5 2. Nf3 d6 3. d4 cxd4 4. Nxd4 Nf6 5. Nc3 a6 6. Bg5 Nbd7 7. Qe2 h6 8. Bh4 Qc7 9. O-O-O g6 10. f4 Bg7 11. f5 g5 12. Bg3 Ne5 13. Bxe5 dxe5 14. Nb3 Bd7 15. g4 Rc8 16. h4 Bc6 17. hxg5 hxg5 18. Rxh8+ Bxh8 19. Bg2 Bg7 20. Bf3 b5 21. a3 Qb6 22. Qd2 Rd8 23. Qxd8+ Qxd8 24. Rxd8+ Kxd8 25. Nc5 a5 26. b4 axb4 27. axb4 Kc7 28. Kd2 Kb6 29. Nd1 Bf8 30. Nf2 e6 31. fxe6 fxe6 32. Nfd3 Bd6 33. Ke3 Bd7 34. c3 Bc8 35. Bd1 Ne8 36. Bb3 Nc7 37. Bc2 Kc6 38. Nb3 Ne8 39. Bd1 Nf6 40. Bf3 Nd7 41. Nf2 Be7 42. Be2 Nb6 43. Na5+ Kc7 44. Bxb5 Bf6 45. Nd3 Na8 46. c4 Nb6 47. c5 Nd7 48. Bc4 Nb8 49. b5 Bd7 50. b6+ Kc8 51. Kd2 Be7 52. Kc3 Nc6 53. Nxc6 Bxc6 54. Bxe6+ Kb8 55. Bf5 Kb7 56. Kc4 Bf6 57. Nb4 Ba4 58. Be6 Bd1 59. Bd5+ Kc8 60. c6 Be2+ 61. Kc3 Bd8 62. Be6+ Kb8 63. Nd5 1-0

[Event "EOBCC 2020"]
[Site "Online"]
[Date "2020.12.18"]
[Round "1.95"]
[White "Garayev, Kanan"]
[Black "Livaic, Leon"]
[Result "1/2-1/2"]
[WhiteElo "2331"]
[BlackElo "2507"]
[PlyCount "146"]
[EventDate "2020.12.18"]
[EventType "tourn"]
[EventCountry "NET"]

1. d4 Nf6 2. c4 e6 3. g3 c5 4. d5 exd5 5. cxd5 d6 6. Bg2 g6 7. Nc3 Bg7 8. Nf3 O-O 9. O-O Nbd7 10. Bf4 Qe7 11. Re1 a6 12. a4 Rb8 13. a5 Ne8 14. Nd2 g5 15. Be3 f5 16. Nc4 f4 17. Bc1 Ne5 18. Nxe5 Bxe5 19. e3 fxg3 20. hxg3 g4 21. Ra4 h5 22. Qd3 Bf5 23. Be4 Bd7 24. Ra3 Nf6 25. Bf5 Bxf5 26. Qxf5 Qh7 27. Qxh7+ Kxh7 28. Rb3 Kg6 29. Rd1 Rf7 30. Ne2 Kf5 31. Nf4 Bxf4 32. exf4 b5 33. Re3 Re8 34. Rxe8 Nxe8 35. Re1 Nf6 36. Re6 Rd7 37. b3 Nxd5 38. Rh6 c4 39. Rxh5+ Ke4 40. bxc4 bxc4 41. Rh8 Kf3 42. Rh5 Nc3 43. Be3 d5 44. Re5 d4 45. Bxd4 Ne2+ 46. Kf1 Nxg3+ 47. fxg3 Rxd4 48. Ke1 Kxg3 49. f5 Kf4 50. Re6 Kxf5 51. Rxa6 c3 52. Rc6 Ra4 53. Rxc3 Rxa5 54. Kf2 Kg5 55. Kg2 Kh4 56. Rb3 Ra2+ 57. Kg1 Re2 58. Ra3 Kg5 59. Rb3 Kf4 60. Rb4+ Kg3 61. Rb3+ Kf4 62. Rb4+ Kf3 63. Rb3+ Re3 64. Rxe3+ Kxe3 65. Kg2 Kf4 66. Kf2 g3+ 67. Kg2 Kg4 68. Kg1 Kf3 69. Kf1 Kf4 70. Kg2 Kg4 71. Kg1 Kh3 72. Kh1 g2+ 73. Kg1 Kg3 1/2-1/2

[Event "EOBCC 2020"]
[Site "Online"]
[Date "2020.12.18"]
[Round "1.96"]
[White "Krzyzanowski, Marcin"]
[Black "Aliyev, Ravan"]
[Result "1-0"]
[WhiteElo "2503"]
[BlackElo "2330"]
[PlyCount "27"]
[EventDate "2020.12.18"]
[EventType "tourn"]
[EventCountry "NET"]

1. e4 c6 2. d4 d5 3. Nc3 dxe4 4. Nxe4 Bf5 5. Ng3 Bg6 6. h4 h6 7. Nh3 e6 8. Nf4 Bd6 9. Nxg6 fxg6 10. Qg4 Qf6 11. Ne4 Qf8 12. Qxe6+ Be7 13. Nd6+ Kd8 14. Qc8# 1-0

[Event "EOBCC 2020"]
[Site "Online"]
[Date "2020.12.18"]
[Round "1.97"]
[White "Silich, Yahor"]
[Black "Budisavljevic, Luka"]
[Result "0-1"]
[WhiteElo "2330"]
[BlackElo "2492"]
[PlyCount "84"]
[EventDate "2020.12.18"]
[EventType "tourn"]
[EventCountry "NET"]

1. e4 c5 2. Nf3 e6 3. Nc3 a6 4. d4 cxd4 5. Nxd4 b5 6. Bd3 Qb6 7. Nf3 Qc7 8. O-O Bb7 9. Re1 Bc5 10. Qd2 Be7 11. h3 d6 12. a4 b4 13. Na2 Nf6 14. Nxb4 O-O 15. c3 Nbd7 16. Bc2 a5 17. Nd3 Nxe4 18. Qe2 Nef6 19. Bg5 Rfe8 20. Rad1 e5 21. Nh4 h6 22. Bxf6 Nxf6 23. Nf5 Bf8 24. Qe3 Rad8 25. Qg3 Kh8 26. Qh4 Ng8 27. Re2 g6 28. Ne3 f5 29. Red2 Be7 30. Qg3 Kh7 31. Kh1 e4 32. Nf4 g5 33. Nfd5 Qd7 34. Re1 Qe6 35. Nxf5 Bxd5 36. Rxd5 Qxd5 37. Bxe4 Bf6 38. Bxd5 Rxe1+ 39. Kh2 Be5 40. f4 Bxf4 41. Nd4 Bxg3+ 42. Kxg3 Rb1 0-1

[Event "EOBCC 2020"]
[Site "Online"]
[Date "2020.12.18"]
[Round "1.98"]
[White "Kantans, Toms"]
[Black "Fecker, Noah"]
[Result "1/2-1/2"]
[WhiteElo "2501"]
[BlackElo "2329"]
[PlyCount "72"]
[EventDate "2020.12.18"]
[EventType "tourn"]
[EventCountry "NET"]

1. e4 c5 2. Nf3 e6 3. d4 cxd4 4. Nxd4 Nc6 5. Nc3 Qc7 6. Be3 a6 7. Qf3 Ne5 8. Qg3 h5 9. f4 h4 10. Qh3 Nc4 11. Bxc4 Qxc4 12. O-O-O b5 13. Kb1 Bb7 14. e5 Rc8 15. Rd2 Ne7 16. f5 Nd5 17. Nxd5 Bxd5 18. b3 Qc3 19. Rd3 Qa5 20. Bd2 Qb6 21. Re1 Bc5 22. Qg4 Bf8 23. h3 a5 24. Be3 Qb7 25. Re2 Bc4 26. Red2 Bxd3 27. Rxd3 a4 28. fxe6 dxe6 29. Nxe6 fxe6 30. Qxe6+ Be7 31. Qg6+ Kf8 32. Qf5+ Kg8 33. Qe6+ Kh7 34. Qf5+ Kg8 35. Qe6+ Kh7 36. Qf5+ Kg8 1/2-1/2

[Event "EOBCC 2020"]
[Site "Online"]
[Date "2020.12.18"]
[Round "1.100"]
[White "Jakubowski, Krzysztof"]
[Black "Owczarzak, Jerzy"]
[Result "1-0"]
[WhiteElo "2497"]
[BlackElo "2326"]
[PlyCount "103"]
[EventDate "2020.12.18"]
[EventType "tourn"]
[EventCountry "NET"]

1. d4 b5 2. a4 b4 3. c4 Nf6 4. f3 c5 5. d5 e5 6. e4 d6 7. Be3 g6 8. Nd2 h5 9. Bd3 h4 10. Qe2 Nh5 11. O-O-O Bh6 12. Bc2 Qf6 13. Bxh6 Rxh6 14. Qf2 g5 15. Ne2 Nd7 16. a5 Nf8 17. g3 Bd7 18. Rdf1 Ng6 19. Qe1 a6 20. Qd1 Qd8 21. Nb3 Qf6 22. Qd2 O-O-O 23. Kb1 Rdh8 24. Rhg1 hxg3 25. hxg3 Qd8 26. Nec1 Ng7 27. Rf2 Rh1 28. Rxh1 Rxh1 29. Ka2 f6 30. Nd3 Qc7 31. Rh2 Rxh2 32. Qxh2 Qd8 33. Qh7 g4 34. fxg4 Bxg4 35. Qxg6 Qd7 36. Nbxc5 dxc5 37. Nxc5 Qc7 38. Qxg4+ Kd8 39. Nb3 Ke8 40. Qg6+ Kf8 41. c5 Qd7 42. Qxf6+ Kg8 43. Qc6 Qg4 44. Qxa6 Kh7 45. Qc6 Qxg3 46. a6 Qf2 47. Bb1 Qe2 48. a7 Qc4 49. a8=Q Qf1 50. Qa7 Qg2 51. Qcd7 Qg5 52. c6 1-0

[Event "EOBCC 2020"]
[Site "Online"]
[Date "2020.12.18"]
[Round "1.101"]
[White "Vyprachticky, David"]
[Black "Yudin, Sergei"]
[Result "1/2-1/2"]
[WhiteElo "2326"]
[BlackElo "2497"]
[PlyCount "141"]
[EventDate "2020.12.18"]
[EventType "tourn"]
[EventCountry "NET"]

1. e4 d6 2. d4 Nf6 3. Nc3 e5 4. Nf3 Nbd7 5. Bc4 Be7 6. a4 O-O 7. O-O c6 8. Re1 h6 9. h3 Qc7 10. Be3 Re8 11. dxe5 Nxe5 12. Nxe5 dxe5 13. Qf3 Bd8 14. Ne2 Be6 15. Bxe6 Rxe6 16. Ng3 Be7 17. Nf5 Bf8 18. Red1 Kh7 19. Rd3 Rd8 20. Rxd8 Qxd8 21. Bxa7 b6 22. a5 bxa5 23. Be3 Qb8 24. b3 Qb4 25. Ng3 Qc3 26. Rd1 Qxc2 27. Rd8 Be7 28. Ra8 Qxb3 29. Qf5+ g6 30. Qf3 a4 31. h4 h5 32. Ra7 Qb1+ 33. Kh2 Ng4+ 34. Kh3 Rf6 35. Qe2 Bf8 36. f3 Nxe3 37. Qxe3 Bh6 38. Qc5 Qb8 39. Qe7 Bf4 40. Ne2 Kg7 41. Nxf4 Rxf4 42. Rxa4 Rf6 43. Ra7 Qc8+ 44. Kg3 Qe6 45. Qxe6 Rxe6 46. Rc7 Kf8 47. Kf2 Ke8 48. g4 Kf8 49. Kg3 hxg4 50. fxg4 Rd6 51. h5 Kg7 52. hxg6 Kxg6 53. Kh4 f6 54. Rc8 Rd4 55. Rg8+ Kf7 56. Rc8 Rxe4 57. Rxc6 f5 58. Kg5 fxg4 59. Kf5 Ra4 60. Rc7+ Kg8 61. Kxe5 g3 62. Rc3 Rg4 63. Rc1 Kg7 64. Kf5 Rg6 65. Rg1 g2 66. Kf4 Rf6+ 67. Kg3 Rg6+ 68. Kf2 Rf6+ 69. Kxg2 Rg6+ 70. Kf2 Rxg1 71. Kxg1 1/2-1/2

[Event "EOBCC 2020"]
[Site "Online"]
[Date "2020.12.18"]
[Round "1.102"]
[White "Maiorov, Nikita"]
[Black "Fontaine, Quentin"]
[Result "1-0"]
[WhiteElo "2495"]
[BlackElo "2324"]
[PlyCount "91"]
[EventDate "2020.12.18"]
[EventType "tourn"]
[EventCountry "NET"]

1. d4 d5 2. c4 e6 3. Nc3 a6 4. cxd5 exd5 5. Nf3 Nf6 6. Bg5 Be6 7. e3 Nbd7 8. Bd3 Bd6 9. h3 c6 10. O-O Qc7 11. Qd2 O-O 12. Bf4 Rfe8 13. Rac1 g6 14. Bxd6 Qxd6 15. Rfe1 Rac8 16. a3 c5 17. dxc5 Nxc5 18. Bc2 Qb6 19. Qd4 Ncd7 20. Rb1 Rc4 21. Qxb6 Nxb6 22. Nd4 Rec8 23. f3 R4c7 24. Bd3 Nc4 25. Bxc4 dxc4 26. a4 Bd7 27. e4 Rc5 28. Kf2 b5 29. axb5 axb5 30. Na2 Ra8 31. Nb4 Ra4 32. Ndc2 Rc8 33. Red1 Be6 34. Ra1 Rca8 35. Rxa4 Rxa4 36. Ke3 Nd7 37. Kd4 Kf8 38. f4 Ke7 39. g4 f6 40. Kc3 g5 41. Nc6+ Ke8 42. Rd6 Bf7 43. e5 fxe5 44. fxe5 Bg6 45. e6 b4+ 46. N2xb4 1-0

[Event "EOBCC 2020"]
[Site "Online"]
[Date "2020.12.18"]
[Round "1.103"]
[White "Pajeken, Jakob Leon"]
[Black "Hayrapetyan, Hovik"]
[Result "1-0"]
[WhiteElo "2323"]
[BlackElo "2488"]
[PlyCount "61"]
[EventDate "2020.12.18"]
[EventType "tourn"]
[EventCountry "NET"]

1. d4 d5 2. Nf3 Nf6 3. Bf4 c5 4. e3 e6 5. c3 Nc6 6. Nbd2 Bd6 7. Bg3 O-O 8. Bd3 b6 9. Qe2 Bb7 10. Rd1 Re8 11. e4 e5 12. dxe5 Nxe5 13. Nxe5 Bxe5 14. f4 dxe4 15. Bb5 Bc7 16. Bxe8 Qxe8 17. O-O e3 18. Nf3 Nh5 19. Rfe1 Qc6 20. Qxe3 h6 21. Qe7 Nf6 22. f5 Bxg3 23. hxg3 Re8 24. Qd6 Rxe1+ 25. Nxe1 Qe4 26. Qf4 Qe2 27. Qd2 Qe4 28. Qd3 Qc6 29. Nf3 Ng4 30. Qd8+ Kh7 31. Qh4 1-0

[Event "EOBCC 2020"]
[Site "Online"]
[Date "2020.12.18"]
[Round "1.104"]
[White "Kourkoulos-Arditis, Stamatis"]
[Black "Burkart, Patrick"]
[Result "1-0"]
[WhiteElo "2485"]
[BlackElo "2322"]
[PlyCount "81"]
[EventDate "2020.12.18"]
[EventType "tourn"]
[EventCountry "NET"]

1. e4 c5 2. Nf3 e6 3. d4 cxd4 4. Nxd4 a6 5. Bd3 g6 6. O-O Bg7 7. Nf3 Nc6 8. c4 Nge7 9. Nc3 O-O 10. Bf4 d5 11. e5 b6 12. Qe2 Nb4 13. Bb1 dxc4 14. Qxc4 Nbd5 15. Nxd5 Nxd5 16. Bg5 Qd7 17. Qh4 Bb7 18. Be4 h5 19. Rad1 Rac8 20. Bf6 Rc4 21. Bxg7 Kxg7 22. b3 Rb4 23. Nd4 Qd8 24. Qxd8 Rxd8 25. a3 Nc3 26. axb4 Nxd1 27. Rxd1 Bxe4 28. Nxe6+ fxe6 29. Rxd8 Bc2 30. Rd6 Bxb3 31. Rxb6 Bc4 32. h4 Kf7 33. Rb7+ Kf8 34. f3 Kg8 35. Kf2 Kf8 36. Ra7 Kg8 37. g4 hxg4 38. fxg4 Kf8 39. Ke3 Kg8 40. Kf4 Kf8 41. Kg5 1-0

[Event "EOBCC 2020"]
[Site "Online"]
[Date "2020.12.18"]
[Round "1.105"]
[White "Dworakowska, Joanna"]
[Black "Lodici, Lorenzo"]
[Result "0-1"]
[WhiteElo "2322"]
[BlackElo "2483"]
[PlyCount "60"]
[EventDate "2020.12.18"]
[EventType "tourn"]
[EventCountry "NET"]

1. e4 e5 2. Nf3 Nc6 3. d4 exd4 4. Nxd4 Bc5 5. Be3 Qf6 6. c3 Qg6 7. Nd2 Nf6 8. f3 d5 9. Qe2 Bxd4 10. Bxd4 Nxd4 11. cxd4 dxe4 12. fxe4 O-O 13. e5 Nd5 14. a3 Qb6 15. Nf3 c5 16. Qe4 Qxb2 17. Bd3 Qxa1+ 18. Kf2 Qa2+ 19. Kg3 f5 20. exf6 Nxf6 21. Qe7 Qe6 22. Qxc5 b6 23. Qc2 Bb7 24. Bc4 Bd5 25. Re1 Qd6+ 26. Kf2 Rac8 27. Bxd5+ Qxd5 28. Qb1 Rc3 29. Kg1 Rxf3 30. gxf3 Qxf3 0-1

[Event "EOBCC 2020"]
[Site "Online"]
[Date "2020.12.18"]
[Round "1.106"]
[White "Janik, Igor"]
[Black "Leszko, Bence"]
[Result "1-0"]
[WhiteElo "2489"]
[BlackElo "2321"]
[PlyCount "155"]
[EventDate "2020.12.18"]
[EventType "tourn"]
[EventCountry "NET"]

1. c4 e6 2. Nf3 f5 3. d4 Nf6 4. g3 b6 5. Bg2 Bb7 6. O-O Be7 7. Nc3 Ne4 8. d5 Nxc3 9. bxc3 O-O 10. Bf4 Na6 11. Nd4 Qc8 12. dxe6 Bxg2 13. Kxg2 dxe6 14. e4 Qb7 15. f3 Nc5 16. exf5 exf5 17. Re1 Bf6 18. Qc2 g6 19. Be5 Bxe5 20. Rxe5 Rae8 21. Rae1 Qc8 22. Qe2 Rxe5 23. Qxe5 Qd7 24. Qd5+ Qxd5 25. cxd5 Rd8 26. Nc6 Rd7 27. c4 a5 28. Re8+ Kg7 29. Rc8 Nd3 30. f4 Nb2 31. Ne5 Re7 32. Kf3 h6 33. h4 Na4 34. Ke3 Nc5 35. Kd4 Ne4 36. g4 Nd2 37. gxf5 gxf5 38. h5 Nf1 39. c5 bxc5+ 40. Kxc5 Ng3 41. Kc6 Nxh5 42. Rxc7 Rxc7+ 43. Kxc7 Nxf4 44. d6 Ne6+ 45. Kd7 Kf6 46. Nf3 Nc5+ 47. Kc6 Ne6 48. Kb5 Nd8 49. Kb6 a4 50. Nd4 f4 51. Kc7 Nf7 52. d7 Ke7 53. Nf5+ Ke6 54. Nxh6 Nxh6 55. d8=Q Nf5 56. Qd7+ Ke5 57. Qxa4 f3 58. Qb5+ Kf4 59. Qc4+ Kg3 60. Qd3 Nh4 61. a4 Kg2 62. a5 f2 63. a6 f1=Q 64. Qxf1+ Kxf1 65. a7 Kf2 66. a8=Q Ke3 67. Kd6 Nf3 68. Kd5 Kf4 69. Qf8+ Ke3 70. Qe7+ Kf4 71. Qe4+ Kg3 72. Qe3 Kg4 73. Ke4 Ng5+ 74. Ke5 Nf3+ 75. Kf6 Kg3 76. Kf5 Kh4 77. Kf4 Ng5 78. Qg3+ 1-0

[Event "EOBCC 2020"]
[Site "Online"]
[Date "2020.12.18"]
[Round "1.107"]
[White "Przybylski, Wojciech"]
[Black "Rasulov, Vugar"]
[Result "0-1"]
[WhiteElo "2321"]
[BlackElo "2478"]
[PlyCount "120"]
[EventDate "2020.12.18"]
[EventType "tourn"]
[EventCountry "NET"]

1. e4 c5 2. Nf3 d6 3. Bb5+ Nd7 4. a4 Ngf6 5. Nc3 g6 6. O-O Bg7 7. a5 a6 8. Bc4 O-O 9. d3 Ng4 10. h3 Nge5 11. Bb3 Nc6 12. Ng5 Nf6 13. f4 Nxa5 14. Bxf7+ Rxf7 15. Nxf7 Kxf7 16. f5 Nc6 17. fxg6+ hxg6 18. Nd5 Kg8 19. Nf4 Ne5 20. c3 Qe8 21. d4 cxd4 22. cxd4 Nc6 23. Qd3 e5 24. dxe5 dxe5 25. Nd5 Nxd5 26. exd5 Nd4 27. Bg5 Bf5 28. Qc4 Rc8 29. Qa2 e4 30. Rae1 Kh7 31. d6 Ne6 32. Be3 Qd7 33. Qd5 Rc6 34. Rd1 Bf8 35. Rxf5 Rxd6 36. Rh5+ Kg8 37. Rh8+ Kxh8 38. Qe5+ Qg7 39. Qxg7+ Kxg7 40. Rc1 Rc6 41. Rd1 Bc5 42. Rd7+ Kf6 43. Kf2 Rb6 44. Bxc5 Nxc5 45. Rc7 Rc6 46. Rh7 Ke5 47. Ke3 Rb6 48. Re7+ Ne6 49. b4 Rxb4 50. h4 Rb3+ 51. Ke2 a5 52. h5 gxh5 53. Rh7 Nf4+ 54. Kf2 e3+ 55. Kf3 e2+ 56. Kf2 Rb1 57. Re7+ Kf6 58. Re4 Kf5 59. Re8 Rf1+ 60. Kg3 e1=Q+ 0-1